000 00218 a2200097 4500
001 25468
100 _aKazmik, M L
245 _aFundamentals of television Engg
260 _a
_bMir Publishers
_c
090 _c17193
_d17193
942 _aNUST-CAE
_cM
_c7995
999 _c260541
_d260541